书目信息 |
| 题名: |
人体的奥秘与保健
|
|
| 作者: | 卢洪煊 主编 | |
| 分册: | ||
| 出版信息: | 杭州 浙江大学出版社 2005 |
|
| 页数: | 222页 | |
| 开本: | 23cm | |
| 丛书名: | ||
| 单 册: | ||
| 中图分类: | R32 | |
| 科图分类: | ||
| 主题词: | 人体--高等学校--教材 , 保健--高等学校--教材 , 保健 , 人体 | |
| 电子资源: | ||
| ISBN: | 7-308-04418-1 | |
| 000 | 00968nam0 2200289 450 | |
| 001 | 003026523 | |
| 005 | 20061118095926.76 | |
| 010 | @a7-308-04418-1@dCNY20.00 | |
| 100 | @a20051201d2005 em y0chiy0110 ea | |
| 101 | 0 | @achi |
| 102 | @aCN@b330000 | |
| 105 | @aa z 000yy | |
| 200 | 1 | @a人体的奥秘与保健@9ren ti de ao mi yu bao jian@f卢洪煊主编 |
| 210 | @a杭州@c浙江大学出版社@d2005 | |
| 215 | @a222页@c图@d23cm | |
| 300 | @a全国大学生素质教育规划教材 | |
| 312 | @a封面英文题名:The secret of human & health care | |
| 330 | @a本书共分两篇,第一篇为人体奥秘,以简洁的语言阐述揭示正常人体基本的形态结构和生理功能,第二篇为人体保健,包括生理保健、常见病防治和心理卫生等三部分。 | |
| 510 | 1 | @aSecret of human & health care@zeng |
| 606 | 0 | @a人体@x高等学校@j教材 |
| 606 | 0 | @a保健@x高等学校@j教材 |
| 606 | 0 | @a保健 |
| 606 | 0 | @a人体 |
| 690 | @aR32@v4 | |
| 701 | 0 | @a卢洪煊@9lu hong xuan@4主编 |
| 801 | 0 | @aCN@bNLC@c20061118 |
| 905 | @a10447@dR32@e132 | |
| 人体的奥秘与保健/卢洪煊主编.-杭州:浙江大学出版社,2005 |
| 222页:图;23cm |
| 全国大学生素质教育规划教材 |
| ISBN 7-308-04418-1:CNY20.00 |
| 本书共分两篇,第一篇为人体奥秘,以简洁的语言阐述揭示正常人体基本的形态结构和生理功能,第二篇为人体保健,包括生理保健、常见病防治和心理卫生等三部分。 |
| ● |
| 相关链接 |
|
|
|
|
正题名:人体的奥秘与保健
索取号:R32/132
 
预约/预借
| 序号 | 登录号 | 条形码 | 馆藏地/架位号 | 状态 | 备注 |
| 1 | 0392091 | 203920917 | 第二样本阅览室/ [索取号:R32/132] | 在馆 | |
| 2 | 0392092 | 203920926 | 第三借阅区/ [索取号:R32/132] | 在馆 | |
| 3 | 0392093 | 203920935 | 第三借阅区/ [索取号:R32/132] | 在馆 | |
| 4 | 0392094 | 203920944 | 第三借阅区/ [索取号:R32/132] | 在馆 | |
| 5 | 0392095 | 203920953 | 第三借阅区/ [索取号:R32/132] | 在馆 |